All about the moon / Wes Lipschultz.
Available copies
- 1 of 1 copy available at LARL/NWRL Consortium.
Current holds
0 current holds with 1 total copy.
Show Only Available Copies
| Location | Call Number / Copy Notes | Barcode | Shelving Location | Status | Due Date |
|---|---|---|---|---|---|
| Thief River Falls Public Library | e 523.3 LIP (Text) | 35500003415195 | Main | Available | - |
Record details
- ISBN: 0823937429
- Physical Description: 24 p. : col. ill. ; 23 cm.
- Edition: 1st lib. ed.
- Publisher: New York : Rosen Pub. Group, 2003.
Content descriptions
| General Note: | Includes index. |
| Formatted Contents Note: | A look at the moon -- The moon close up -- Phases ... Read More |
Search for related items by subject
| Subject: | Moon > Juvenile literature. Moon. |
Search for related items by series
| LDR | 01038nam a22002894a 4500 | ||
|---|---|---|---|
| 001 | 45241 | ||
| 003 | LARL_NWRL_CONSORTIUM | ||
| 005 | 20020318114328.0 | ||
| 008 | 011114s2003 nyua b 001 0 eng | ||
| 020 | . | ‡a0823937429 | |
| 035 | 0 | 0. | ‡ilcmarc/BAH-7257/NWRLTECH |
| 042 | . | ‡apcc ‡alcac | |
| 082 | 0 | 0. | ‡a523.3 ‡221 |
| 099 | . | ‡aj 523.3 ‡bLIP | |
| 100 | 1 | . | ‡aLipschultz, Wes, ‡d1972- ‡0(LARL_NWRL_CONSORTIUM)130891 |
| 245 | 1 | 0. | ‡aAll about the moon / ‡cWes Lipschultz. |
| 250 | . | ‡a1st lib. ed. | |
| 260 | . | ‡aNew York : ‡bRosen Pub. Group, ‡c2003. | |
| 300 | . | ‡a24 p. : ‡bcol. ill. ; ‡c23 cm. | |
| 490 | 0 | . | ‡aRosen Publishing Group's reading room collection |
| 500 | . | ‡aIncludes index. | |
| 505 | 0 | . | ‡aA look at the moon -- The moon close up -- Phases of the moon -- The moon's gravity -- Glossary -- Index. |
| 651 | 0. | ‡aMoon ‡vJuvenile literature. ‡0(LARL_NWRL_CONSORTIUM)26061 | |
| 651 | 1. | ‡aMoon. ‡0(LARL_NWRL_CONSORTIUM)26056 | |
| 901 | . | ‡a45241 ‡bISxN ‡c45241 ‡tbiblio | |

Add to basket
Permalink
Enable Highlighting